Dojmy evropské a turecké /

Hlavní autor: Montagu, Mary Wortley, Lady, 1689-1762
Další autoři: Gottwald, Adolf, 1878-1920
Jazyk: Čeština
Vydáno: V Praze : J. Otto, [1911]
Edice: Světová knihovna (J. Otto)
Témata:
Fyzický popis: 233 stran
Knihy
Uloženo v:
LEADER 01318nam a22003617i 4500
001 001918880
003 CZ BrMZK
005 20241209112801.0
007 ta
008 241209s1911 xr er|||||||||||cze d
015 |a cnb000906584 
035 |a (OCoLC)85717345 
040 |a BOD001  |b cze  |d BOA001  |e rda 
041 1 |a cze  |h eng 
072 7 |a 821.111  |x Anglická literatura, anglicky psaná  |2 Konspekt  |9 25 
080 |a (0:82-992)  |2 MRF 
100 1 |a Montagu, Mary Wortley,  |c Lady,  |d 1689-1762  |7 nlk20000091914  |4 aut 
245 1 0 |a Dojmy evropské a turecké /  |c Mary Wortley Montagueová ; z angličiny přeložil Adolf Gottwald 
264 1 |a V Praze :  |b J. Otto,  |c [1911] 
300 |a 233 stran 
336 |a text  |b txt  |2 rdacontent 
337 |a bez média  |b n  |2 rdamedia 
338 |a svazek  |b nc  |2 rdacarrier 
490 1 |a Světová knihovna ;  |v č. 921-923 
655 7 |a cestopisy  |7 fd131956  |2 czenas 
700 1 |a Gottwald, Adolf,  |d 1878-1920  |7 jk01032562  |4 trl 
830 0 |a Světová knihovna (J. Otto)  |0 s 
910 |a BOA001  |b 1-0074.455,921-923 
990 |a BK 
993 |a Y 
991 |b 202412 
996 6 |b 2618769360  |c 1-0074.455,921-923  |l MZK  |r Sklad / do 1 hodiny  |n 0  |w 001988173  |u 000020  |a 1  |e BOA001  |j MZK50  |s P 
996 6 |b 2618769361  |c 1-0074.455,921-923  |l MZK  |r Sklad / do 1 hodiny  |n 0  |w 001988173  |u 000010  |a 1  |e BOA001  |j MZK50  |s P